ბათუმის შოთა რუსთაველის სახელმწიფო უნივერსიტეტის ბიბლიოთეკა

ლითონების შედუღება, ჭრა და რჩილვა / (ბიბ.ჩანაწერი № 38769)

000 -ლიდერი
ფიქსირებული სიგრძის საკონტროლო ველი 00919nam a2200217Ia 4500
001 - საკონტროლო ნომერი
საკონტროლო ველი 5118
003 - საკონტროლო ნომრის იდენტიფიკატორი
საკონტროლო ველი GE_BSU
005 - ბოლო ოპერაციის თარიღი და დრო
საკონტროლო ველი 20190620161006.0
008 - ფიქსირებული სიგრძის მონაცემთა ელემენტები - ზოგადი ინფორმაცია
ფიქსირებული სიგრძის საკონტროლო ველი 181216s1958||||ge |||||||||||||| ||geo||
040 ## - კატალოგიზაციის წყარო
Transcribing agency GE_BSU
041 ## - ენის კოდი
Language code of text/sound track or separate title geo
080 ## - უნივერსალური ათობითი კლასიფიკაციის ინდექსი
Universal Decimal Classification number 621.791 ღ-99
100 ## - მთავარი ჩანაწერი - პიროვნების სახელი
Personal name ღუღუნიშვილი, გ.
9 (RLIN) 2674
245 ## - ცნობა სათაურის შესახებ
Title ლითონების შედუღება, ჭრა და რჩილვა /
Statement of responsibility, etc გ. ღუღუნიშვილი ; რედ. გ. გედევანიშვილი
264 ## - წარმოების, გამოცემის, დისტრიბუციის და სხვა ცნობები
გამოცემის, წარმოების, დისტრიბუციის... ადგილი თბილისი :
გამოცემის, წარმოების, დისტრიბუციის... სახელწოდება ცოდნა,
გამოცემის, წარმოების, დისტრიბუციის... თარიღი 1958.
300 ## - ფიზიკური აღწერა
Extent 289 გვ. :
Other physical details ილ. ;
Dimensions 24 სმ.
504 ## - BIBLIOGRAPHY, ETC. NOTE
Bibliography, etc ბიბლიოგრ. : გვ. 286.
653 ## - INDEX TERM--UNCONTROLLED
Uncontrolled term ლითონების შედუღება, ჭრა და რჩილვა
700 ## - ADDED ENTRY--PERSONAL NAME
Personal name გედევანიშვილი, გ.
Relator term რედაქტორი
9 (RLIN) 2675
942 ## - ADDED ENTRY ELEMENTS (KOHA)
Koha item type წიგნი
Source of classification or shelving scheme
ეგზემპლარები
ჩამოწერის სტატუსი დაკარგული ეგზემპლარის სტატუსი კლასიფიკაციის წყარო ან თაროზე გაწყობის სქემა დაზიანების სტატუსი არ გაიცემა მუდმივი მდებარეობა (დაცვის ადგილი) ამჟამინდელი ადგილსამყოფელი თაროზე განთავსების ადგილი შეძენის თარიღი ღირებულება, შესყიდვის ნორმალური ფასი სრული შენახვის შიფრი შტრიხკოდი ბოლო ოპერაციის თარიღი ეგზემპლარის მიმდევრობითი ნომერი (კეტერი?) ფასის ძალაში შესვლის თარიღი ეგზემპლარის სახეობა საჯარო შენიშვნა
          ტექნოლოგიური ფაკულტეტის ბიბლიოთეკა ტექნოლოგიური ფაკულტეტის ბიბლიოთეკა წიგნსაცავი 2018-12-17 1.60 621.791 ღ-99 12392 2018-12-17 12392 2018-12-17 წიგნი 1.60 ლ.
          ტექნოლოგიური ფაკულტეტის ბიბლიოთეკა ტექნოლოგიური ფაკულტეტის ბიბლიოთეკა წიგნსაცავი 2018-12-17 1.60 621.791 ღ-99 12393 2018-12-17 12393 2018-12-17 წიგნი 1.60